Países con fiordos - Estadísticas

Estadísticas generales
  • Esta prueba ha sido intentada 5.173 veces
    2.424 desde el último reinicio
  • La puntuación promedio es 10 de 12
Estadísticas de respuestas
País % Correcto
Noruega
98%
Rusia
96%
Suecia
96%
Canadá
95%
Dinamarca (Groenlandia)
91%
Estados Unidos
91%
Islandia
89%
Argentina
85%
Chile
84%
Reino Unido
77%
Irlanda
66%
Nueva Zelanda
55%
No se encontraron pruebas coincidentes
Distribución de puntuación
Porcentaje de gente con cada puntuación
Porcentaje por número respondido
Historial de tus puntuaciones
No has intentado esta prueba desde el último reinicio